[Event "BCF-ch Soanes op"]
[Site "Coventry"]
[Date "2015.08.01"]
[Round "3"]
[White "Brown, Geoffrey M"]
[Black "Harrison, Nigel"]
[Result "1/2-1/2"]
[WhiteElo "136"]
[BlackElo "131"]
[PlyCount "90"]
[EventDate "2015.07.31"]
[EventType "swiss"]
[EventRounds "5"]
[EventCountry "ENG"]
[SourceTitle "CBM 167 Extra"]
[Source "ChessBase"]
[SourceDate "2015.09.14"]
[SourceVersion "1"]
[SourceVersionDate "2015.09.14"]
[SourceQuality "1"]

1. f4 d5 2. Nf3 Nf6 3. e3 Nc6 4. Bb5 Bd7 5. b3 a6 6. Bxc6 Bxc6 7. Ne5 e6 8. 0-0 Bd6 9. Nxc6 bxc6 10. Bb2 Qe7 11. Qf3 h5 12. Nc3 Ba3 13. Bxa3 Qxa3 14. Na4 Qd6 15. d3 Rb8 16. Rad1 Rh6 17. e4 Nd7 18. e5 Qa3 19. Qf2 c5 20. c4 d4 21. Rde1 g6 22. Re2 Qb4 23. Qh4 Qb7 24. g4 Qc8 25. Qg5 Rh8 26. f5 Qd8 27. Qf4 g5 28. Qe4 Qe7 29. f6 Qf8 30. gxh5 Rxh5 31. Qg4 Qh6 32. Rfe1 Rh4 33. Qg2 Rh3 34. Qe4 Rh4 35. Qc6 Kd8 36. Rg2 g4 37. Nxc5 Nxe5 38. Nxe6+ fxe6 39. Qxe6 Nf3+ 40. Kf1 Nxe1 41. Qe7+ Kc8 42. f7 Kb7 43. Qxe1 Qh8 44. Qb4+ Ka7 45. Qc5+ Kb7 1/2-1/2

[Event "Civil Service Major op"]
[Site "London"]
[Date "2005.11.05"]
[Round "1"]
[White "Mutale, Michael"]
[Black "Harrison, Nigel"]
[Result "0-1"]
[WhiteElo "1400"]
[BlackElo "1656"]
[PlyCount "52"]
[EventDate "2005.11.05"]
[EventType "swiss"]
[EventRounds "5"]
[EventCountry "ENG"]
[SourceTitle "EXT 2007"]
[Source "ChessBase"]
[SourceDate "2006.11.23"]
[SourceVersion "1"]
[SourceVersionDate "2006.11.23"]
[SourceQuality "1"]

1. e4 e6 2. d4 d5 3. Nc3 Bb4 4. exd5 exd5 5. Nf3 Nf6 6. Bd3 0-0 7. 0-0 c6 8. a3 Bd6 9. Bg5 h6 10. Bh4 Be6 11. Qd2 Nbd7 12. Rae1 c5 13. Nb5 Qb6 14. Nxd6 Qxd6 15. c3 Rfe8 16. Bg3 Qb6 17. Ne5 cxd4 18. cxd4 Rac8 19. h3 Kh8 20. Bb1 Nxe5 21. Bxe5 Bd7 22. Re3 a6 23. Rf3 Rc6 24. Qd3 Qb5 25. Qd2 Qb6 26. g4 Kg8 0-1